| 000 | 00591nab a2200193 a 4500 | ||
|---|---|---|---|
| 005 | 20210219155905.0 | ||
| 008 | 991125s1985 mx 000 0 spa u | ||
| 035 | _aUPN01000154348 | ||
| 100 | 1 | _aPérez García, Juan Martín | |
| 222 | _aDFENSOR : ORGANO OFICIAL DE DIFUSION DE LA COMISION DE DERECHOS HUMANOS DEL DISTRITO FEDERAL | ||
| 245 | _aEntre la discriminación y el olvido | ||
| 260 | _aMéxico | ||
| 300 | _a21-25 | ||
| 362 | 0 | _a2007 Año 5, no. 9, sept. | |
| 653 | 0 | _aDROGADICTOS | |
| 653 | 0 | _aDISCRIMINACION SOCIAL | |
| 653 | 0 | _aJOVENES CALLEJEROS | |
| 905 | _aArticulo | ||
| 999 |
_c126465 _d126465 |
||